Mejor portero del mundo según la IFFHS - Estadísticas

Estadísticas generales
  • Esta prueba ha sido intentada 91 veces
  • La puntuación promedio es 21 de 36
Estadísticas de respuestas
Año Ganador % Correcto
2008 Iker Casillas
99%
2009 Iker Casillas
99%
2010 Iker Casillas
99%
2011 Iker Casillas
99%
2012 Iker Casillas
99%
2003 Gianluigi Buffon
95%
2004 Gianluigi Buffon
95%
2006 Gianluigi Buffon
95%
2007 Gianluigi Buffon
95%
2017 Gianluigi Buffon
95%
2021 Gianluigi Buffon
95%
2013 Manuel Neuer
94%
2014 Manuel Neuer
94%
2015 Manuel Neuer
94%
2016 Manuel Neuer
94%
2020 Manuel Neuer
94%
2018 Thibaut Courtois
87%
2022 Thibaut Courtois
87%
1999 Oliver Kahn
64%
2001 Oliver Kahn
64%
2002 Oliver Kahn
64%
1992 Peter Schmeichel
38%
1993 Peter Schmeichel
38%
2005 Petr Cech
36%
2000 Fabien Barthez
32%
2019 Alisson Becker
23%
1995 José Chilavert
10%
1997 José Chilavert
10%
1998 José Chilavert
10%
1989 Walter Zenga
8%
1990 Walter Zenga
8%
1991 Walter Zenga
8%
1987 Jean-Marie Pfaff
5%
1988 Rinat Dasáyev
4%
1996 Andreas Köpke
3%
1994 Michael Preud´homme
0%
No se encontraron pruebas coincidentes
Distribución de puntuación
Porcentaje de gente con cada puntuación
Porcentaje por número respondido
Historial de tus puntuaciones
No has intentado esta prueba.